|
|
|
|
| LEADER |
00000nam a2200000Ii 4500 |
| 001 |
DIGCOLMX0395 |
| 003 |
NyNyDIG |
| 006 |
m o d |
| 007 |
cr ||||||||||| |
| 008 |
220430s2021 mx o 000 0 spa d |
| 035 |
|
|
|a (OCoLC)1319855318
|
| 040 |
|
|
|a DGITA
|b eng
|e rda
|e pn
|c DGITA
|
| 020 |
|
|
|a 9786075642963
|q eBook
|q ePub
|
| 043 |
|
|
|a n-mx---
|
| 050 |
1 |
4 |
|a HV550.M6 ebook
|
| 082 |
0 |
4 |
|a 363.1060972
|
| 100 |
1 |
|
|a Carrillo Olea, Jorge,
|e author.
|
| 245 |
1 |
0 |
|a Sobre la seguridad /
|c Jorge Carrillo Olea, Jorge Sánchez Carrillo.
|
| 250 |
|
|
|a Primera edición.
|
| 264 |
|
1 |
|a Ciudad de México, México :
|b El Colegio de México
|c [2021]
|
| 300 |
|
|
|a 1 online resource.
|
| 336 |
|
|
|a text
|b txt
|2 rdacontent
|
| 337 |
|
|
|a computer
|b c
|2 rdamedia
|
| 338 |
|
|
|a online resource
|b cr
|2 rdacarrier
|
| 347 |
|
|
|a text file
|2 rdaft
|
| 347 |
|
|
|b EPUB
|
| 588 |
0 |
|
|a Online resource; title from ePub title page (Digitalia, viewed April 30, 2022)
|
| 650 |
|
0 |
|a Public safety
|z Mexico
|y 21st century
|x Public opinion.
|
| 650 |
|
0 |
|a Public safety
|x Government policy
|z Mexico
|y 21st century
|x Public opinion.
|
| 650 |
|
0 |
|a Public safety
|z Mexico
|y 21st century
|v Interviews.
|
| 650 |
|
0 |
|a Justice, Administration of
|z Mexico
|y 21st century.
|
| 650 |
|
0 |
|a Police
|x Government policy
|z Mexico
|y 21st century.
|
| 655 |
|
0 |
|a Electronic books.
|
| 700 |
1 |
|
|a Sánchez Carrillo, Jorge,
|e author.
|
| 791 |
2 |
|
|a Digitalia (Firm),
|e distributor.
|
| 793 |
0 |
|
|g Digitalia eBook Collection:
|a El Colegio de México
|
| 856 |
4 |
0 |
|3 Digitalia Hispánica
|u https://www.digitaliapublishing.com/a/107953/
|
| 910 |
|
|
|a Premium collection: 2022
|